000 00504nam a2200181Ia 4500
008 230524s9999 xx 000 0 und d
020 _a9789382332589
082 _a363.7
_bGAU
100 _aNidhi Gauba Dhawan
_942975
245 0 _aEnvironmental Studies : Challenges & Solutions A Quick Compendium
250 _a1
260 _aNew Delhi
_bI.K.International
_c2014
300 _a"V,301p:"
500 _aQuantity Number: 1
650 _aEnvironmental
700 _aKiran Bisht
_942976
942 _cBK
999 _c57928
_d57928